1949-50 NCAA Men's Basketball AP Poll - Statistics

General Stats
  • This quiz has been taken 14 times
  • The average score is 124 of 200
Answer Stats
Week Rank Team W L Conference % Correct
Week 1 (1/5) 9 UCLA 8 3 Pacific Coast
100%
Week 2 (1/9) 10 UCLA 10 3 Pacific Coast
100%
Week 3 (1/16) 9 UCLA 11 4 Pacific Coast
100%
Week 4 (1/23) 11 UCLA 11 4 Pacific Coast
100%
Week 5 (1/30) 13 UCLA 13 4 Pacific Coast
100%
Week 6 (2/6) 12 UCLA 15 4 Pacific Coast
100%
Week 7 (2/13) 10 UCLA 17 4 Pacific Coast
100%
Week 8 (2/20) 7 UCLA 19 4 Pacific Coast
100%
Week 9 (2/27) 6 UCLA 21 4 Pacific Coast
100%
Final Poll 7 UCLA 22 5 Pacific Coast
100%
Week 1 (1/5) 16 Illinois 7 3 Big Ten
88%
Week 4 (1/23) 20 Illinois 10 4 Big Ten
88%
Week 1 (1/5) 5 Indiana 9 0 Big Ten
88%
Week 2 (1/9) 4 Indiana 10 0 Big Ten
88%
Week 3 (1/16) 8 Indiana 10 2 Big Ten
88%
Week 4 (1/23) 9 Indiana 12 2 Big Ten
88%
Week 5 (1/30) 12 Indiana 12 2 Big Ten
88%
Week 6 (2/6) 16 Indiana 13 3 Big Ten
88%
Week 8 (2/20) 17 Indiana 16 4 Big Ten
88%
Final Poll 20 Indiana 18 4 Big Ten
88%
Week 1 (1/5) 2 Kentucky 7 1 SEC
88%
Week 2 (1/9) 2 Kentucky 8 1 SEC
88%
Week 3 (1/16) 5 Kentucky 9 2 SEC
88%
Week 4 (1/23) 4 Kentucky 11 4 SEC
88%
Week 5 (1/30) 6 Kentucky 13 4 SEC
88%
Week 6 (2/6) 7 Kentucky 16 4 SEC
88%
Week 7 (2/13) 5 Kentucky 17 4 SEC
88%
Week 8 (2/20) 5 Kentucky 20 4 SEC
88%
Week 9 (2/27) 4 Kentucky 22 4 SEC
88%
Final Poll 3 Kentucky 24 5 SEC
88%
Week 1 (1/5) 7 NC State 9 1 SoCon
88%
Week 2 (1/9) 9 NC State 9 2 SoCon
88%
Week 3 (1/16) 12 NC State 11 3 SoCon
88%
Week 4 (1/23) 10 NC State 13 3 SoCon
88%
Week 5 (1/30) 9 NC State 15 3 SoCon
88%
Week 6 (2/6) 8 NC State 17 3 SoCon
88%
Week 7 (2/13) 8 NC State 18 4 SoCon
88%
Week 8 (2/20) 9 NC State 20 4 SoCon
88%
Week 9 (2/27) 8 NC State 21 5 SoCon
88%
Final Poll 5 NC State 24 5 SoCon
88%
Week 5 (1/30) 16 Notre Dame 9 5 Independent
88%
Week 2 (1/9) 15 Ohio State 6 2 Big Ten
88%
Week 3 (1/16) 11 Ohio State 8 2 Big Ten
88%
Week 4 (1/23) 13 Ohio State 9 3 Big Ten
88%
Week 5 (1/30) 7 Ohio State 11 3 Big Ten
88%
Week 6 (2/6) 4 Ohio State 14 3 Big Ten
88%
Week 7 (2/13) 3 Ohio State 15 3 Big Ten
88%
Week 8 (2/20) 3 Ohio State 18 3 Big Ten
88%
Week 9 (2/27) 2 Ohio State 18 3 Big Ten
88%
Final Poll 2 Ohio State 19 3 Big Ten
88%
Week 7 (2/13) 19 USC 13 5 Pacific Coast
88%
Week 8 (2/20) 16 USC 18 5 Pacific Coast
88%
Week 2 (1/9) 20 Washington 12 1 Pacific Coast
88%
Week 4 (1/23) 16 Washington 12 2 Pacific Coast
88%
Week 6 (2/6) 17 Washington State 14 8 Pacific Coast
88%
Week 7 (2/13) 16 Washington State 15 9 Pacific Coast
88%
Final Poll 18 Washington State 19 11 Pacific Coast
88%
Week 6 (2/6) 18 Arizona 17 2 Border Conference
75%
Week 7 (2/13) 17 Arizona 20 2 Border Conference
75%
Week 8 (2/20) 19 Arizona 23 2 Border Conference
75%
Week 9 (2/27) 15 Arizona 24 3 Border Conference
75%
Final Poll 15 Arizona 25 4 Border Conference
75%
Week 2 (1/9) 12 Cincinnati 6 0 MAC
75%
Week 3 (1/16) 20 Cincinnati 7 1 MAC
75%
Week 3 (1/16) 19 Louisville 14 2 Independent
75%
Week 5 (1/30) 15 Louisville 19 5 Independent
75%
Week 6 (2/6) 13 Louisville 20 6 Independent
75%
Week 1 (1/5) 10 Minnesota 7 1 Big Ten
75%
Week 2 (1/9) 11 Minnesota 8 1 Big Ten
75%
Week 3 (1/16) 16 Minnesota 9 2 Big Ten
75%
Week 4 (1/23) 18 Minnesota 9 2 Big Ten
75%
Week 1 (1/5) 12 Missouri 8 1 Big Seven
75%
Week 2 (1/9) 16 Missouri 9 1 Big Seven
75%
Week 1 (1/5) 17 Oklahoma 5 2 Big Seven
75%
Week 2 (1/9) 19 Oklahoma 5 3 Big Seven
75%
Week 5 (1/30) 19 Oklahoma A&M 11 4 Missouri Valley
75%
Week 6 (2/6) 15 San Francisco 12 5 Independent
75%
Week 7 (2/13) 12 San Francisco 14 5 Independent
75%
Week 8 (2/20) 11 San Francisco 15 6 Independent
75%
Week 9 (2/27) 13 San Francisco 16 6 Independent
75%
Final Poll 12 San Francisco 19 6 Independent
75%
Week 1 (1/5) 1 St. John's 12 1 Metropolitan New York
75%
Week 2 (1/9) 1 St. John's 13 1 Metropolitan New York
75%
Week 3 (1/16) 2 St. John's 14 1 Metropolitan New York
75%
Week 4 (1/23) 5 St. John's 15 2 Metropolitan New York
75%
Week 5 (1/30) 5 St. John's 16 2 Metropolitan New York
75%
Week 6 (2/6) 4 St. John's 18 2 Metropolitan New York
75%
Week 7 (2/13) 4 St. John's 20 2 Metropolitan New York
75%
Week 8 (2/20) 6 St. John's 20 3 Metropolitan New York
75%
Week 9 (2/27) 10 St. John's 21 4 Metropolitan New York
75%
Final Poll 9 St. John's 22 4 Metropolitan New York
75%
Week 3 (1/16) 17 Tennessee 7 5 SEC
75%
Week 1 (1/5) 15 Wisconsin 8 2 Big Ten
75%
Week 4 (1/23) 15 Wisconsin 10 3 Big Ten
75%
Week 5 (1/30) 17 Wisconsin 10 3 Big Ten
75%
Final Poll 16 Wisconsin 16 6 Big Ten
75%
Final Poll 19 Kansas 13 9 Big Seven
63%
Week 1 (1/5) 20 Kansas State 9 3 Big Seven
63%
Week 3 (1/16) 13 Kansas State 10 3 Big Seven
63%
Week 4 (1/23) 12 Kansas State 12 3 Big Seven
63%
Week 5 (1/30) 11 Kansas State 12 3 Big Seven
63%
Week 6 (2/6) 10 Kansas State 13 4 Big Seven
63%
Week 7 (2/13) 14 Kansas State 13 5 Big Seven
63%
Week 8 (2/20) 13 Kansas State 16 5 Big Seven
63%
Week 9 (2/27) 12 Kansas State 16 5 Big Seven
63%
Final Poll 14 Kansas State 16 6 Big Seven
63%
Week 1 (1/5) 11 Saint Louis 6 1 Missouri Valley
63%
Week 6 (2/6) 19 Saint Louis 12 5 Missouri Valley
63%
Week 7 (2/13) 18 Saint Louis 13 5 Missouri Valley
63%
Week 8 (2/20) 15 Saint Louis 14 6 Missouri Valley
63%
Week 3 (1/16) 15 Tulane 11 2 SEC
63%
Week 5 (1/30) 18 Vanderbilt 11 5 SEC
63%
Week 7 (2/13) 20 Vanderbilt 20 6 SEC
63%
Week 9 (2/27) 20 Vanderbilt 17 7 SEC
63%
Week 2 (1/9) 14 Western Kentucky 6 4 Ohio Valley
63%
Week 3 (1/16) 14 Western Kentucky 9 4 Ohio Valley
63%
Week 4 (1/23) 17 Western Kentucky 12 4 Ohio Valley
63%
Week 5 (1/30) 14 Western Kentucky 14 4 Ohio Valley
63%
Week 6 (2/6) 11 Western Kentucky 16 4 Ohio Valley
63%
Week 7 (2/13) 9 Western Kentucky 19 4 Ohio Valley
63%
Week 8 (2/20) 8 Western Kentucky 22 4 Ohio Valley
63%
Week 9 (2/27) 7 Western Kentucky 24 5 Ohio Valley
63%
Final Poll 8 Western Kentucky 24 5 Ohio Valley
63%
Week 4 (1/23) 14 Wyoming 17 4 Mountain States
63%
Week 5 (1/30) 20 Wyoming 18 5 Mountain States
63%
Week 9 (2/27) 18 Wyoming 24 5 Mountain States
63%
Week 1 (1/5) 3 Bradley 10 2 Missouri Valley
50%
Week 2 (1/9) 6 Bradley 11 2 Missouri Valley
50%
Week 3 (1/16) 4 Bradley 14 2 Missouri Valley
50%
Week 4 (1/23) 6 Bradley 15 3 Missouri Valley
50%
Week 5 (1/30) 3 Bradley 17 3 Missouri Valley
50%
Week 6 (2/6) 2 Bradley 19 3 Missouri Valley
50%
Week 7 (2/13) 2 Bradley 21 3 Missouri Valley
50%
Week 8 (2/20) 1 Bradley 24 3 Missouri Valley
50%
Week 9 (2/27) 1 Bradley 25 3 Missouri Valley
50%
Final Poll 1 Bradley 27 3 Missouri Valley
50%
Week 1 (1/5) 14 CCNY 7 2 Metropolitan New York
50%
Week 2 (1/9) 7 CCNY 8 2 Metropolitan New York
50%
Week 3 (1/16) 7 CCNY 9 2 Metropolitan New York
50%
Week 4 (1/23) 8 CCNY 9 2 Metropolitan New York
50%
Week 5 (1/30) 10 CCNY 10 2 Metropolitan New York
50%
Week 6 (2/6) 14 CCNY 12 2 Metropolitan New York
50%
Week 7 (2/13) 13 CCNY 13 3 Metropolitan New York
50%
Week 8 (2/20) 20 CCNY 14 4 Metropolitan New York
50%
Week 9 (2/27) 16 Nebraska 16 5 Big Seven
50%
Week 1 (1/5) 13 Villanova 7 2 Independent
50%
Week 2 (1/9) 17 Villanova 8 2 Independent
50%
Week 3 (1/16) 18 Villanova 10 2 Independent
50%
Week 4 (1/23) 19 Villanova 11 2 Independent
50%
Week 7 (2/13) 15 Villanova 18 3 Independent
50%
Week 9 (2/27) 11 Villanova 22 4 Independent
50%
Final Poll 11 Villanova 23 4 Independent
50%
Week 1 (1/5) 6 Holy Cross 9 0 Independent
38%
Week 2 (1/9) 5 Holy Cross 11 0 Independent
38%
Week 3 (1/16) 1 Holy Cross 13 0 Independent
38%
Week 4 (1/23) 1 Holy Cross 14 0 Independent
38%
Week 5 (1/30) 1 Holy Cross 14 0 Independent
38%
Week 6 (2/6) 1 Holy Cross 17 0 Independent
38%
Week 7 (2/13) 1 Holy Cross 20 0 Independent
38%
Week 8 (2/20) 2 Holy Cross 22 0 Independent
38%
Week 9 (2/27) 3 Holy Cross 24 0 Independent
38%
Final Poll 4 Holy Cross 26 1 Independent
38%
Week 1 (1/5) 18 La Salle 6 2 Independent
38%
Week 2 (1/9) 13 La Salle 7 2 Independent
38%
Week 3 (1/16) 10 La Salle 9 2 Independent
38%
Week 4 (1/23) 7 La Salle 11 2 Independent
38%
Week 5 (1/30) 8 La Salle 12 2 Independent
38%
Week 6 (2/6) 9 La Salle 14 2 Independent
38%
Week 7 (2/13) 11 La Salle 14 3 Independent
38%
Week 8 (2/20) 12 La Salle 16 3 Independent
38%
Week 9 (2/27) 9 La Salle 18 3 Independent
38%
Final Poll 10 La Salle 21 3 Independent
38%
Week 1 (1/5) 19 Bowling Green 10 4 Independent
25%
Week 6 (2/6) 20 Hamline 20 1 Minnesota
25%
Week 8 (2/20) 18 San Jose State 17 6 Independent
25%
Week 9 (2/27) 19 San Jose State 18 7 Independent
25%
Final Poll 17 San Jose State 21 7 Independent
25%
Week 8 (2/20) 14 Toledo 19 4 Independent
25%
Week 9 (2/27) 17 Toledo 21 5 Independent
25%
Week 1 (1/5) 8 Duquesne 9 0 Independent
13%
Week 2 (1/9) 8 Duquesne 9 0 Independent
13%
Week 3 (1/16) 6 Duquesne 12 0 Independent
13%
Week 4 (1/23) 2 Duquesne 13 0 Independent
13%
Week 5 (1/30) 2 Duquesne 14 0 Independent
13%
Week 6 (2/6) 3 Duquesne 16 1 Independent
13%
Week 7 (2/13) 7 Duquesne 18 1 Independent
13%
Week 8 (2/20) 4 Duquesne 21 1 Independent
13%
Week 9 (2/27) 5 Duquesne 22 1 Independent
13%
Final Poll 6 Duquesne 22 3 Independent
13%
Week 1 (1/5) 4 Long Island 10 1 Independent
13%
Week 2 (1/9) 3 Long Island 11 1 Independent
13%
Week 3 (1/16) 3 Long Island 12 1 Independent
13%
Week 4 (1/23) 3 Long Island 13 2 Independent
13%
Week 5 (1/30) 4 Long Island 14 2 Independent
13%
Week 6 (2/6) 6 Long Island 15 2 Independent
13%
Week 7 (2/13) 6 Long Island 17 2 Independent
13%
Week 8 (2/20) 10 Long Island 17 3 Independent
13%
Week 9 (2/27) 14 Long Island 18 4 Independent
13%
Final Poll 13 Long Island 20 4 Independent
13%
Week 2 (1/9) 18 Siena 14 0 Independent
13%
No matching quizzes found
Score Distribution
Percent of People with Each Score
Percentile by Number Answered
Your Score History
You have not taken this quiz